00000000cam 2200000za 4500
0019.856121
003CaOODSP
00520241203113642
007cr |||||||||||
008180503s1995    oncb|||#o    f00| 0 eng d
040 |aCaOODSP|beng
041 |aeng|bfre
043 |an-cn-nt
0861 |aCW69-1/89E-PDF
1001 |aSirois, Jacques.
24514|aThe colonial waterbirds of Great Slave Lake, Northwest Territories |h[electronic resource] : |ban annotated atlas / |cJ. Sirois, M.A. Fournier, M.F. Kay.
260 |aOttawa : |bCanadian Wildlife Service, |cc1995.
300 |a59 p. : |bmaps.
4901 |aOccasional paper ; |vno. 89
500 |aDigitized edition from print [produced by Environment and Climate Change Canada].
504 |aIncludes bibliographical references.
5203 |a"We documented the diversity, abundance, distribution, and nesting chronology of the colonial waterbirds of Great Slave Lake in 1986 -1995. We also reviewed all available historical information"--Abstract.
530 |aIssued also in print format.
546 |aIncludes abstract in French.
69207|2gccst|aAquatic birds
69207|2gccst|aPopulation distribution
7001 |aFournier, Michael A.
7001 |aKay, M. F.
7101 |aCanada. |bEnvironment Canada.
7102 |aCanadian Wildlife Service.
7760#|tThe colonial waterbirds of Great Slave Lake, Northwest Territories : |w(CaOODSP)9.612601
830#0|aOccasional paper (Canadian Wildlife Service)|vno. 89|w(CaOODSP)9.504780
85640|qPDF|s4.44 MB|uhttps://publications.gc.ca/collections/collection_2018/eccc/CW69-1-89-eng.pdf